| 000 | 00532nam a2200169 a 4500 | ||
|---|---|---|---|
| 001 | 000037033 | ||
| 005 | 20200930080110.0 | ||
| 008 | 120209s1987 ag a 000 0 spa d | ||
| 020 | _a9509377066 | ||
| 040 |
_aDO-SdBNP _bspa _cBNPHU |
||
| 082 |
_axxxx _bxxxx |
||
| 100 | 1 |
_aJastrow, Robert _963440 |
|
| 245 | 1 | 0 |
_aComo hacer obsoletas las armas nucleares / _cRobert Jastrow. |
| 260 |
_aArgentina, : _bClio, _c1987. |
||
| 300 |
_a148 p.. : _bil. ; _c23 cm. |
||
| 504 | _aIncluye referencias bibliográficas y notas al pie de las páginas | ||
| 999 |
_c36523 _d36523 |
||